00476 2200193 4500001002100000005001500021008004100036020001700077035001900094041000700113082000800120090001400128100002300142245002600165250001000191260003100201300003300232650001700265INLIS00000000001281520241224114433241224||||||||| | ||| |||| || |  a979-017-42-4 0010-1224012815 aid0 a201 a201 KAR p0 amuslih abdul karim00aPanduan Pintar Shalat aCet.1 aJakartabQultumMediac2008 axvii+378 hlm,; 14 cm x 20 cm 0aibadah islam